Zeka ve yetenek kongresi (Record no. 10277)

MARC details
000 -BAŞLIK
Sabit Uzunlukta Kontrol Alanı 01012na a2200301 4500
001 - KONTROL NUMARASI
Denetim Alanı 23559
003 - KONTROL NUMARASI IDENTIFIER
Denetim Alanı MIRAKIL
005 - SON İŞLEM TARİHİ VE ZAMANI
Denetim Alanı 20181213155313.0
008 - SABİT-BOY VERİ ELEMANLARI - GENEL BİLGİLER
Sabit Uzunlukta Kontrol Alanı 180110b tu 000 0
020 ## - ULUSLARARASI STANDART KİTAP NUMARASI
Uluslararası Standart Kitap Numarası 9786058738119
040 ## - KATALOGLAMA KAYNAK
Orijinal Kataloglama Ajansı Milas
Kataloglama Dili tur
Metne Dönüştürmek Ajansı TR-AnCHP
041 ## - DİL KODU
Metin / Ses Parça Veya Ayrı Başlığın Dil Kodu tur
082 ## - DEWEY ONLU SINIFLANDIRMA NUMARASI
Sınıflandırma Numarası 153.9
Ürün Numarası Z34 2013
090 ## - SINIFLAMA NUMARASI
Sınıflama Numarası 153.9 Z34 2013
111 ## - ANA GİRİŞ - TOPLANTI ADI
Giriş Elemanı Olarak Toplantı Adı Veya Yargı Alanı Adı Zeka ve yetenek kongresi
Toplantının Yeri Ankara
Toplantı Veya Antlaşma İmzalandığı Tarihi 21 Aralık 2013
245 ## - BAŞLIK TABLOSU
Başlık Zeka ve yetenek kongresi
Başlığın Kalan Bildiriler, tartışma oturumları
Sorumluluk Tablosu, Vb Türkiye zeka vakfı; yayına hazırlayanlar Nihal Sandıkçı, Gizem Sakarya, Ahmet Emre Çoban, Havva ,Pelen Sangu
246 ## - UNVAN FORM VARYING
Başlık Doğru / Kısa Başlığı Bildiriler, tartışma oturumları
260 ## - YAYIN, DAĞITIM, VB
Yayın, Dağıtım, Vb Yeri Ankara
Yayıncı, Dağıtıcı, Vs Adı Türkiye Zeka Vakfı
Yayın, Dağıtım, Vb Tarihi 2014
300 ## - FİZİKSEL TANIM
Kapsam 110 s.
Diğer Fiziksel Ayrıntıları fotğ.
Boyutlar 30 sm.
650 ## - KONU KATMA GİRİŞ - TOPİKAL DÖNEM
Topikal Süreli Veya Coğrafi Ad Giriş Elemanı Yetenek
Genel Alt Bölümü Toplantılar
650 ## - KONU KATMA GİRİŞ - TOPİKAL DÖNEM
Topikal Süreli Veya Coğrafi Ad Giriş Elemanı Zeka
Genel Alt Bölümü Toplantılar
700 ## - KATMA GİRİŞ - KİŞİSEL İSİM
Kişisel Ad Sandıkçı, Nihal
700 ## - KATMA GİRİŞ - KİŞİSEL İSİM
Kişisel Ad Sakarya, Gizem
700 ## - KATMA GİRİŞ - KİŞİSEL İSİM
Kişisel Ad Çoban, Ahmet Emre
700 ## - KATMA GİRİŞ - KİŞİSEL İSİM
Kişisel Ad Sangu, Havva Pelen
740 ## - KATMA GİRİŞ - KONTROLSUZ İLGİLİ / ANALİTİK BAŞLIK
Kontrol Edilmeyen / İlgili Analitik Başlıktaki Bildiriler, tartışma oturumları
942 ## - EKLENDİ GİRİŞ ELEMANLARI (KOHA)
Sınıflandırma Veya Raf Düzeni Kaynak Dewey Decimal Classification
Koha Öğesi Türü Books
999 ## - SİSTEM KONTROL NUMARALARI (KOHA)
Koha Biblionumber 10277
Koha Biblioitemnumber 10277
Holdings
Kalıcı Konum Mevcut Konum Edinme Tarihi Edinim Kaynak Toplam Check-Out'Lar Tam Çağrı Numarası Barkod Tarih Son Görülme İtibaren Geçerli Fiyatlar Koha Öğesi Türü
CHP Kütüphanesi CHP Kütüphanesi 11/01/2017 Bağış   153.9 Z34 2013 017543 11/01/2017 11/01/2017 Books